Χώρες με Πιγκουίνους - Statistics

General Stats
  • This quiz has been taken 42 times
  • The average score is 7 of 13
Answer Stats
Είδη Χώρα % Correct
11 Αυστραλία
89%
7 Αργεντινή
89%
10 Χιλή
86%
7 Νέα Ζηλανδία
83%
4 Βραζιλία
67%
4 Νότια Αφρική
61%
2 Περού
56%
3 Ουρουγουάη
50%
2 Ισημερινός
31%
1 Μοζαμβίκη
28%
1 Ανγκόλα
22%
5 Ηνωμένο Βασίλειο (Φώκλαντ)
19%
2 Ναμίμπια
19%
No matching quizzes found
Score Distribution
Percent of People with Each Score
Percentile by Number Answered
Your Score History
You have not taken this quiz